000 01093nam a2200325 i 4500
001 9133
003 KOSZ 005
005 20190906085711.0
008 070608s1971 pl a f 001 0 pol
015 _aPB 1971/3681
040 _aWA N
_cWA N
_dKOSZ 005/RW
046 _k1971
080 _a66
100 1 _aSerwiński, Mieczysław
_d(1918-1999).
_eAutor
245 1 0 _aZasady inżynierii chemicznej :
_boperacje jednostkowe /
_cMieczysław Serwiński.
260 _aWarszawa :
_bWydawnictwa Naukowo-Techniczne,
_c1971.
300 _a685 stron :
_bilustracje ;
_c25 cm.
336 _aTekst
_btxt
_2rdacontent
337 _aBez urządzenia pośredniczącego
_bn
_2rdamedia
338 _aWolumin
_bnc
_2rdacarrier
380 _aKsiążki
388 _a1901-2000
504 _aIndeks.
658 _aChemia
655 4 _aPodręczniki akademickie
650 4 _aTechnologia chemiczna
710 2 _aWydawnictwa Naukowo-Techniczne
_4pbl.
856 _uhttp://koha.tu.koszalin.pl/cgi-bin/koha/opac-detail.pl?biblionumber=9133
_yKatalog online BPK
942 _2UKD
_cKS
999 _c9133
_d9133